Libro de los prodigios (Record no. 10382)

MARC details
000 -LEADER
campo de control de longitud fija 00952nam a2200277 i 4500
001 - NÚMERO DE CONTROL
campo de control 10382
003 - IDENTIFICADOR DE NÚMERO DE CONTROL
campo de control ES-MaACL
005 - FECHA Y HORA DE LA ÚLTIMA TRANSACCIÓN
campo de control 20250728105728.0
007 - CAMPO FIJO DE DESCRIPCIÓN FÍSICA--INFORMACIÓN GENERAL
campo de control de longitud fija t|
008 - DATOS DE LONGITUD FIJA--INFORMACIÓN GENERAL
campo de control de longitud fija 950529s1990 sp ||||1| spa d
020 ## - NÚMERO INTERNACIONAL ESTÁNDAR DEL LIBRO
Número Internacional Estándar del Libro 84-7882-012-4
080 ## - NÚMERO DE LA CLASIFICACIÓN DECIMAL UNIVERSAL
Número de la Clasificación Decimal Universal 292.2
100 1# - ENTRADA PRINCIPAL--NOMBRE DE PERSONA
Nombre de persona Obsecuente, Julio.
9 (RLIN) 86432
245 10 - MENCIÓN DEL TÍTULO
Título Libro de los prodigios
Resto del título : (restituído a su integridad, en beneficio de la historia, por Conrado Licóstenes) /
Mención de responsabilidad, etc. Julio Obsecuente ; introducción, traducción y notas de Ana Moure Casas.
250 ## - MENCION DE EDICION
Mención de edición [1a ed.].
260 ## - PUBLICACIÓN, DISTRIBUCIÓN, ETC.
Lugar de publicación, distribución, etc. Madrid :
Nombre del editor, distribuidor, etc. Ediciones Clásicas,
Fecha de publicación, distribución, etc. 1990.
300 ## - DESCRIPCIÓN FÍSICA
Extensión 184 p. ;
Dimensiones 17 cm.
490 1# - MENCIÓN DE SERIE
Mención de serie Colección de autores latinos
650 17 - PUNTO DE ACCESO ADICIONAL DE MATERIA--TÉRMINO DE MATERIA
Término de materia o nombre geográfico como elemento de entrada Religión romana
Fuente del encabezamiento o término embne
9 (RLIN) 16805
650 14 - PUNTO DE ACCESO ADICIONAL DE MATERIA--TÉRMINO DE MATERIA
Término de materia o nombre geográfico como elemento de entrada Prodigios.
9 (RLIN) 16443
700 1# - ENTRADA AGREGADA--NOMBRE PERSONAL
Nombre de persona Moure Casas, Ana.
9 (RLIN) 83891
700 1# - ENTRADA AGREGADA--NOMBRE PERSONAL
Nombre de persona Licóstenes, Conrado.
9 (RLIN) 72204
830 0# - PUNTO DE ACCESO ADICIONAL DE SERIE-TÍTULO UNIFORME
Título uniforme Colección de autores latinos
9 (RLIN) 228123
852 ## - LOCALIZACIÓN
Ubicación ES-MaACL
Número de control de estantería L-17942
Sublocalización o colección R.123921
Holdings
Estatus retirado Estado de pérdida Estado de daño No para préstamo Biblioteca de origen Biblioteca actual Ubicación en estantería Fecha de adquisición Fuente de adquisición Total de préstamos Signatura topográfica completa Código de barras Visto por última vez Precio de reemplazo Tipo de ítem Koha
        Biblioteca del Ateneo de Madrid Biblioteca del Ateneo de Madrid Depósito 2 17/01/2008     L-17942 1010592 23/02/2023 23/02/2023 Libro impreso